[Event "24th NATO Chess Championship"]
[Site "Rynia"]
[Date "2013.08.13"]
[Round "2.26"]
[White "Deneyer, Frank"]
[Black "Ergonen, Arda"]
[Result "0-1"]
[WhiteElo "1825"]
[BlackElo "2022"]
[PlyCount "63"]
[EventDate "2013.08.??"]
[EventType "swiss"]
[EventRounds "7"]
[EventCountry "POL"]
[WhiteTeam "NATO"]
[BlackTeam "TUR"]
[BlackTeamCountry "TUR"]

1. f4 Nf6 2. Nf3 c5 3. e3 d5 4. b3 g6 5. Bb2 Bg7 6. Nc3 O-O 7. Bd3 Nc6 8. O-O
Bg4 9. Na4 b6 10. h3 Bd7 11. Qe1 Nb4 12. Nc3 Nxd3 13. cxd3 Bc8 14. d4 Ba6 15.
Rf2 cxd4 16. Nxd4 Rc8 17. Rc1 e6 18. Ba3 Re8 19. Ndb5 Bxb5 20. Nxb5 Ne4 21.
Rxc8 Qxc8 22. Nd6 Nxd6 23. Bxd6 Qc6 24. Ba3 d4 25. Qf1 Rc8 26. Bb2 Qc5 27. Bxd4
Bxd4 28. exd4 Qxd4 29. Qd1 Rc5 30. Qb1 Rf5 31. g3 e5 32. Qc2 0-1

[Event "24th NATO Chess Championship"]
[Site "Rynia"]
[Date "2013.08.13"]
[Round "2.27"]
[White "Sycz, Dariusz"]
[Black "Giedraitis, Mingaudas"]
[Result "1-0"]
[WhiteElo "2020"]
[BlackElo "1817"]
[PlyCount "99"]
[EventDate "2013.08.??"]
[EventType "swiss"]
[EventRounds "7"]
[EventCountry "POL"]
[WhiteTeam "POL"]
[BlackTeam "LTU"]
[WhiteTeamCountry "POL"]
[BlackTeamCountry "LTU"]

1. d4 e6 2. Nf3 f5 3. c4 Nf6 4. g3 c6 5. Bg2 d5 6. O-O Bd6 7. Bf4 Bxf4 8. gxf4
b6 9. Ne5 O-O 10. Nd2 Bb7 11. Qa4 a5 12. e3 Qe7 13. Rfc1 Rc8 14. cxd5 cxd5 15.
Rxc8+ Bxc8 16. Bf1 Ba6 17. Bxa6 Nxa6 18. Qc6 Rb8 19. a3 Nc7 20. Rc1 Nce8 21.
Ndf3 Nd6 22. Qc7 Qxc7 23. Rxc7 h6 24. Rc6 Nfe8 25. Nd7 Rb7 26. Nxb6 Kf7 27.
Ne5+ Ke7 28. Na4 Nf6 29. Ra6 Nfe4 30. Nc6+ Kf6 31. f3 Nd2 32. Nxa5 Rb5 33. b4
N6c4 34. Nxc4 dxc4 35. Nc3 Rb7 36. Kf2 Ke7 37. b5 Nb1 38. Nxb1 Rxb5 39. Nc3 Rb3
40. Ne2 Kd7 41. Ra4 c3 42. Rc4 Rxa3 43. Rxc3 Ra2 44. Rb3 Ra7 45. h4 Ke7 46. Rb6
Ra2 47. e4 Ra4 48. h5 Rc4 49. Rb7+ Kf6 50. e5# 1-0

[Event "24th NATO Chess Championship"]
[Site "Rynia"]
[Date "2013.08.13"]
[Round "2.28"]
[White "Fichtner, Ewald"]
[Black "Lambruschini, Alex"]
[Result "1-0"]
[WhiteElo "2018"]
[BlackElo "1811"]
[PlyCount "69"]
[EventDate "2013.08.??"]
[EventType "swiss"]
[EventRounds "7"]
[EventCountry "POL"]
[WhiteTeam "GER"]
[BlackTeam "CAN"]
[WhiteTeamCountry "GER"]
[BlackTeamCountry "CAN"]

1. d4 Nf6 2. c4 e6 3. g3 d5 4. Nf3 c6 5. Bg2 Nbd7 6. Qc2 Be7 7. O-O a6 8. a4
Nf8 9. Nbd2 Ng6 10. e4 dxe4 11. Nxe4 O-O 12. Rd1 Qc7 13. Be3 Bd7 14. Rac1 Rac8
15. Nfg5 Rfd8 16. Nxf6+ Bxf6 17. h4 Bxg5 18. Bxg5 f6 19. h5 fxg5 20. hxg6 h6
21. Qb1 e5 22. d5 cxd5 23. Bxd5+ Kh8 24. b3 Bc6 25. Qe4 Bxd5 26. Rxd5 Rxd5 27.
Qxd5 Rd8 28. Qe6 Qd6 29. Qf7 Qa3 30. Re1 Qxb3 31. Rxe5 Qxa4 32. Re7 Rg8 33.
Rxb7 Qc6 34. Qxg8+ Kxg8 35. Rb8+ 1-0

[Event "24th NATO Chess Championship"]
[Site "Rynia"]
[Date "2013.08.13"]
[Round "2.29"]
[White "Bublys, Vaidotas"]
[Black "Maes, Patrick"]
[Result "0-1"]
[WhiteElo "1822"]
[BlackElo "2017"]
[PlyCount "76"]
[EventDate "2013.08.??"]
[EventType "swiss"]
[EventRounds "7"]
[EventCountry "POL"]
[WhiteTeam "LTU"]
[BlackTeam "BEL"]
[WhiteTeamCountry "LTU"]
[BlackTeamCountry "BEL"]

1. e4 g6 2. d4 Bg7 3. Nc3 d6 4. Be3 a6 5. Nf3 b5 6. Qd2 Bb7 7. Bd3 Nd7 8. O-O-O
c5 9. a3 Qc7 10. Kb1 Ngf6 11. d5 O-O 12. Bh6 c4 13. Bxg7 Kxg7 14. Be2 Rfb8 15.
h4 h5 16. Ng5 Ne5 17. Qd4 Bc8 18. Na2 a5 19. c3 Kg8 20. Rhf1 Qa7 21. f4 Neg4
22. Nf3 Qxd4 23. Rxd4 Ne3 24. Rg1 Nxe4 25. Rxe4 Bf5 26. Nd2 Nxd5 27. g3 Nf6 28.
Kc1 Nxe4 29. Nf3 Bg4 30. Nd4 Bxe2 31. Nxe2 e5 32. Kc2 f5 33. Rd1 Kf7 34. Nac1
Ke6 35. Re1 b4 36. axb4 axb4 37. cxb4 Rxb4 38. Rg1 Rab8 0-1

[Event "24th NATO Chess Championship"]
[Site "Rynia"]
[Date "2013.08.13"]
[Round "2.30"]
[White "Bellemare, Regis"]
[Black "Waruga, Wojciech"]
[Result "0-1"]
[WhiteElo "1814"]
[BlackElo "2008"]
[PlyCount "70"]
[EventDate "2013.08.??"]
[EventType "swiss"]
[EventRounds "7"]
[EventCountry "POL"]
[WhiteTeam "CAN"]
[BlackTeam "NATO"]
[WhiteTeamCountry "CAN"]

1. e4 e5 2. Nf3 Nc6 3. Bb5 a6 4. Bxc6 dxc6 5. h3 c5 6. d3 Bd6 7. Nc3 Ne7 8. Bg5
f6 9. Be3 Be6 10. Na4 b6 11. Nc3 Qd7 12. Qd2 b5 13. a4 c6 14. Ne2 O-O 15. Ng3
Rfd8 16. Nh5 Bf7 17. g4 Qb7 18. Nxg7 Kxg7 19. Bh6+ Kh8 20. g5 f5 21. g6 Bxg6
22. Qg5 Ng8 23. exf5 Bf8 24. Nh4 Bxh6 25. Nxg6+ hxg6 26. Qxg6 Rf8 27. a5 Rf6
28. Qh5 Qh7 29. Qf3 Qxf5 30. Qxf5 Rxf5 31. Ke2 Raf8 32. Raf1 Ne7 33. Rhg1 Nd5
34. Rg4 Rf4 35. Rg6 R8f6 0-1

[Event "24th NATO Chess Championship"]
[Site "Rynia"]
[Date "2013.08.13"]
[Round "2.31"]
[White "Graczyk, Damian"]
[Black "Ozturk, Ali"]
[Result "1-0"]
[WhiteElo "1991"]
[BlackElo "1763"]
[PlyCount "109"]
[EventDate "2013.08.??"]
[EventType "swiss"]
[EventRounds "7"]
[EventCountry "POL"]
[WhiteTeam "POL"]
[BlackTeam "NATO"]
[WhiteTeamCountry "POL"]

1. d4 Nf6 2. Nf3 b6 3. g3 e6 4. Bg2 Bb7 5. O-O Be7 6. c4 O-O 7. Nc3 d6 8. Qc2
Nbd7 9. e4 Rc8 10. h3 c5 11. d5 exd5 12. Nxd5 Nxd5 13. exd5 Bf6 14. Be3 Ne5 15.
Nd2 Ba6 16. Qa4 Bb7 17. Qxa7 Qc7 18. Qa3 Ra8 19. Qb3 Ba6 20. a4 Rab8 21. Qc2
Rfe8 22. Rae1 Re7 23. b3 Rbe8 24. Ne4 Nd7 25. Qd3 Bc8 26. Re2 Kh8 27. f4 g6 28.
Nxf6 Nxf6 29. Qc3 Kg7 30. g4 Kg8 31. Qxf6 Rxe3 32. Rxe3 Rxe3 33. Rf3 Qe7 34.
Qxe7 Rxe7 35. Kf2 f5 36. g5 Re4 37. Bf1 Kf7 38. Bd3 Rd4 39. Ke3 Kg7 40. Rf1 h6
41. gxh6+ Kxh6 42. Rg1 Bd7 43. h4 Be8 44. Rg5 Bd7 45. h5 gxh5 46. Rg8 h4 47.
Rh8+ Kg7 48. Rd8 h3 49. Rxd7+ Kg6 50. Rxd6+ Kh5 51. Bxf5 h2 52. Rd8 Kh4 53. d6
Rd1 54. d7 Kg3 55. Rg8+ 1-0

[Event "24th NATO Chess Championship"]
[Site "Rynia"]
[Date "2013.08.13"]
[Round "2.32"]
[White "Ross, David C"]
[Black "Patron, Pascal"]
[Result "1/2-1/2"]
[WhiteElo "1802"]
[BlackElo "1978"]
[PlyCount "47"]
[EventDate "2013.08.??"]
[EventType "swiss"]
[EventRounds "7"]
[EventCountry "POL"]
[WhiteTeam "NATO"]
[BlackTeam "FRA"]
[BlackTeamCountry "FRA"]

1. e4 d5 2. exd5 Qxd5 3. c4 Qa5 4. Nc3 e5 5. Qa4+ Qxa4 6. Nxa4 Bf5 7. c5 Bd7 8.
Nc3 Bxc5 9. Nf3 Nc6 10. Bc4 f6 11. a3 Nd4 12. Nxd4 Bxd4 13. Ne2 Bb6 14. b4 Ne7
15. d3 Nf5 16. Ra2 Nh4 17. Rg1 Bc6 18. Kf1 a5 19. b5 Bd7 20. a4 f5 21. Nc3 Bd4
22. Nd5 Rc8 23. Bg5 Ng6 24. Be3 1/2-1/2

[Event "24th NATO Chess Championship"]
[Site "Rynia"]
[Date "2013.08.13"]
[Round "2.33"]
[White "Stuhr, Finn"]
[Black "Dekker, Ard"]
[Result "0-1"]
[WhiteElo "1737"]
[BlackElo "1908"]
[PlyCount "90"]
[EventDate "2013.08.??"]
[EventType "swiss"]
[EventRounds "7"]
[EventCountry "POL"]
[WhiteTeam "NATO"]
[BlackTeam "NED"]
[BlackTeamCountry "NED"]

1. e4 d5 2. e5 c5 3. c3 Bf5 4. d4 e6 5. f4 Nc6 6. Nf3 Nh6 7. h3 cxd4 8. cxd4
Be7 9. Ng5 Qb6 10. Nf3 Bxb1 11. Rxb1 Nf5 12. a3 O-O 13. Qd3 Ncxd4 14. g4 Nxf3+
15. Qxf3 Bh4+ 16. Kd1 Ng3 17. Rh2 Qg1 18. Rf2 Ne4 19. Rg2 Qd4+ 20. Bd3 Nf2+ 21.
Ke2 Nxd3 22. Qxd3 Qxd3+ 23. Kxd3 Be7 24. Be3 Rfc8 25. Rc2 Rxc2 26. Kxc2 Rc8+
27. Kd2 Bc5 28. Bxc5 Rxc5 29. Rc1 Rxc1 30. Kxc1 Kf8 31. Kd2 Ke8 32. b4 Kd7 33.
a4 Kc6 34. Kc3 Kb6 35. Kd4 Kc6 36. f5 Kb6 37. h4 Kc6 38. h5 Kd7 39. b5 f6 40.
a5 Ke7 41. exf6+ gxf6 42. fxe6 Kxe6 43. h6 Kd6 44. Kd3 Kc5 45. a6 b6 0-1

[Event "24th NATO Chess Championship"]
[Site "Rynia"]
[Date "2013.08.13"]
[Round "2.34"]
[White "Allmann, Lauri"]
[Black "Langer, Herb"]
[Result "0-1"]
[WhiteElo "1900"]
[BlackElo "1721"]
[PlyCount "74"]
[EventDate "2013.08.??"]
[EventType "swiss"]
[EventRounds "7"]
[EventCountry "POL"]
[WhiteTeam "EST"]
[BlackTeam "CAN"]
[WhiteTeamCountry "EST"]
[BlackTeamCountry "CAN"]

1. d4 f5 2. Nf3 Nf6 3. c4 e6 4. Nc3 Be7 5. h3 O-O 6. Bf4 d6 7. e3 Bd7 8. Bd3 c5
9. dxc5 dxc5 10. Ne5 Nc6 11. a3 Nxe5 12. Bxe5 Bc6 13. Rg1 Nd7 14. Bh2 Bf6 15.
Qc2 Ne5 16. O-O-O Qa5 17. f4 Nxd3+ 18. Rxd3 Rad8 19. Rgd1 Rxd3 20. Rxd3 a6 21.
g4 b5 22. Rd6 b4 23. axb4 cxb4 24. Nd1 Be4 25. Qb3 Qa1+ 26. Kd2 a5 27. g5 Be7
28. c5 Bd5 29. Rxd5 exd5 30. c6 a4 31. Qxd5+ Kh8 32. c7 a3 33. bxa3 bxa3 34.
Qb3 a2 35. Nc3 Qh1 36. Nxa2 Qxh2+ 37. Kd3 Bd6 $138 0-1

[Event "24th NATO Chess Championship"]
[Site "Rynia"]
[Date "2013.08.13"]
[Round "2.35"]
[White "Kocur, Marc"]
[Black "Lord, Daniel"]
[Result "1-0"]
[WhiteElo "1866"]
[BlackElo "1607"]
[PlyCount "87"]
[EventDate "2013.08.??"]
[EventType "swiss"]
[EventRounds "7"]
[EventCountry "POL"]
[WhiteTeam "BEL"]
[BlackTeam "CAN"]
[WhiteTeamCountry "BEL"]
[BlackTeamCountry "CAN"]

1. e4 d5 2. Nc3 dxe4 3. Nxe4 g6 4. d4 Bg7 5. c3 Nd7 6. Bc4 Ndf6 7. Ng3 Qd6 8.
Qb3 e6 9. N1e2 Bh6 10. f3 a6 11. Ne4 Nxe4 12. fxe4 Bxc1 13. Rxc1 b5 14. Bd3 e5
15. O-O Be6 16. Qc2 c6 17. dxe5 Qxe5 18. Nd4 Bd7 19. Qf2 Nh6 20. h3 O-O 21. Nf3
Qe7 22. Rce1 a5 23. Qe3 Kg7 24. Qd4+ Kg8 25. Qe3 Kg7 26. Ng5 c5 27. Qg3 c4 28.
Bc2 a4 29. a3 Qc5+ 30. Kh2 Ng4+ 31. hxg4 Qxg5 32. Rf4 Rad8 33. e5 Bc6 34. Re2
Rde8 35. Qe3 h5 36. Rxf7+ Kh6 37. Rh7+ Kxh7 38. Qxg5 Re6 39. gxh5 Be8 40. Bxg6+
Bxg6 41. hxg6+ Rxg6 42. Qe7+ Kg8 43. Re3 Rf7 44. Qe8+ 1-0

[Event "24th NATO Chess Championship"]
[Site "Rynia"]
[Date "2013.08.13"]
[Round "2.36"]
[White "Ulusoy, Mustafa"]
[Black "Voroblievas, Arturas"]
[Result "0-1"]
[WhiteElo "1696"]
[BlackElo "1857"]
[PlyCount "64"]
[EventDate "2013.08.??"]
[EventType "swiss"]
[EventRounds "7"]
[EventCountry "POL"]
[WhiteTeam "NATO"]
[BlackTeam "LTU"]
[BlackTeamCountry "LTU"]

1. d4 d5 2. c4 c6 3. Nc3 e6 4. Nf3 Nf6 5. Bg5 h6 6. Bh4 dxc4 7. e3 g5 8. Bg3 b5
9. a4 b4 10. Nb1 Ba6 11. Nbd2 c3 12. Bxa6 cxd2+ 13. Qxd2 Nxa6 14. O-O Ne4 15.
Qd3 Nxg3 16. fxg3 Nc5 17. Qc4 Nd7 18. Qxc6 Rc8 19. Qb5 Qb6 20. Qxb6 Nxb6 21.
Ne5 Be7 22. Rac1 Rxc1 23. Rxc1 f6 24. Nc6 Nxa4 25. Nxa7 Kd7 26. Nb5 Bd6 27. e4
Rb8 28. Na7 Nxb2 29. e5 fxe5 30. dxe5 Bxe5 31. Nc6 Rb5 32. Na7 Bd4+ 0-1

[Event "24th NATO Chess Championship"]
[Site "Rynia"]
[Date "2013.08.13"]
[Round "2.37"]
[White "Csizmadia, Csaba"]
[Black "Geerts, Luc"]
[Result "1-0"]
[WhiteElo "1855"]
[BlackElo "1617"]
[PlyCount "77"]
[EventDate "2013.08.??"]
[EventType "swiss"]
[EventRounds "7"]
[EventCountry "POL"]
[WhiteTeam "HUN"]
[BlackTeam "BEL"]
[WhiteTeamCountry "HUN"]
[BlackTeamCountry "BEL"]

1. d4 d5 2. c4 c6 3. Nf3 Nf6 4. Nc3 e6 5. Bg5 Be7 6. e3 Nbd7 7. Qc2 O-O 8. Bd3
h6 9. Bh4 Nb6 10. c5 Nbd7 11. O-O Nh5 12. Bxe7 Qxe7 13. e4 Nf4 14. Rae1 Nxd3
15. Qxd3 Nf6 16. e5 Nh7 17. h4 f5 18. b4 g5 19. hxg5 hxg5 20. g3 g4 21. Nh4 Qg7
22. Ne2 Ng5 23. Nf4 Nh3+ 24. Nxh3 gxh3 25. Kh2 Qg4 26. f3 Qg5 27. Kxh3 Kf7 28.
Qe3 Qh5 29. Rh1 Rg8 30. Kg2 a5 31. bxa5 Rxa5 32. Re2 Ra4 33. Rd2 Rg7 34. f4 Ke7
35. Nf3 Rxg3+ 36. Kxg3 Qxh1 37. Rh2 Qa1 38. Qb3 Rc4 39. Qb6 1-0

[Event "24th NATO Chess Championship"]
[Site "Rynia"]
[Date "2013.08.13"]
[Round "2.38"]
[White "Reinup, Hannes"]
[Black "Leveillee, Philippe"]
[Result "0-1"]
[WhiteElo "1600"]
[BlackElo "1852"]
[PlyCount "77"]
[EventDate "2013.08.??"]
[EventType "swiss"]
[EventRounds "7"]
[EventCountry "POL"]
[WhiteTeam "EST"]
[BlackTeam "CAN"]
[WhiteTeamCountry "EST"]
[BlackTeamCountry "CAN"]

1. e4 e6 2. d4 d5 3. e5 c5 4. c3 Nc6 5. Nf3 Qb6 6. Bd3 cxd4 7. cxd4 Bd7 8. O-O
Nxd4 9. Nxd4 Qxd4 10. Nc3 a6 11. Re1 Qb6 12. Qg4 g6 13. Be3 Qb4 14. Qd4 Qxd4
15. Bxd4 Ne7 16. a4 Nc6 17. Bb6 Bb4 18. Re3 d4 19. Rf3 dxc3 20. bxc3 Be7 21.
Rb1 Nxe5 22. Re3 Nxd3 23. Rxd3 Bc6 24. Rd4 O-O 25. a5 Bf6 26. Rc4 Bd5 27. Rc5
Rac8 28. Rc1 Rxc5 29. Bxc5 Rc8 30. Bb4 Rc7 31. f3 Be7 32. Bxe7 Rxe7 33. Kf2 Rc7
34. Ke3 Rc5 35. Kd4 Rxa5 36. g4 Bc6 37. f4 Ra4+ 38. Ke5 Re4+ 39. Kf6 0-1

[Event "24th NATO Chess Championship"]
[Site "Rynia"]
[Date "2013.08.13"]
[Round "2.39"]
[White "Morrison, Munroe L"]
[Black "Tremblay, Mario"]
[Result "0-1"]
[WhiteElo "1851"]
[BlackElo "1466"]
[PlyCount "46"]
[EventDate "2013.08.??"]
[EventType "swiss"]
[EventRounds "7"]
[EventCountry "POL"]
[WhiteTeam "ENG"]
[BlackTeam "CAN"]
[WhiteTeamCountry "ENG"]
[BlackTeamCountry "CAN"]

1. e4 Nf6 2. e5 Nd5 3. d4 d6 4. exd6 cxd6 5. Bd3 Nc6 6. c3 g6 7. h3 Bg7 8. Nf3
O-O 9. O-O e5 10. dxe5 dxe5 11. Bg5 f6 12. Bh4 Kh8 13. Re1 Qb6 14. Qc2 Nf4 15.
Be4 Ne7 16. Nbd2 Nf5 17. Nc4 Qc5 18. Ne3 Nxh4 19. Nxh4 f5 20. Bd3 Nxd3 21. Qxd3
e4 22. Qd5 Qxd5 23. Nxd5 g5 0-1

[Event "24th NATO Chess Championship"]
[Site "Rynia"]
[Date "2013.08.13"]
[Round "2.40"]
[White "Habakuk, Mikk"]
[Black "Cohnen, Michael"]
[Result "0-1"]
[WhiteElo "1500"]
[BlackElo "1841"]
[PlyCount "130"]
[EventDate "2013.08.??"]
[EventType "swiss"]
[EventRounds "7"]
[EventCountry "POL"]
[WhiteTeam "EST"]
[BlackTeam "NATO"]
[WhiteTeamCountry "EST"]

1. e4 c6 2. d4 d5 3. e5 Bf5 4. Ne2 e6 5. Ng3 Bg6 6. h4 h6 7. h5 Bh7 8. Nd2 Qb6
9. c3 Nd7 10. Be2 c5 11. Nf3 cxd4 12. cxd4 Ne7 13. O-O Nc6 14. b3 Be7 15. a3
O-O 16. Be3 Rac8 17. b4 a6 18. Rc1 Na7 19. Ra1 Nb5 20. Bxb5 Qxb5 21. Re1 Nb6
22. Ne2 Nc4 23. Qb3 Nxe3 24. Qxe3 Qd3 25. Qxd3 Bxd3 26. Nf4 Be4 27. Nd2 Bf5 28.
Nb3 b6 29. Nd2 Bg5 30. g3 Bxf4 31. gxf4 Rc2 32. Nf1 Rc4 33. Red1 Bg4 34. Rd2
Bxh5 35. Ne3 Rc3 36. Kg2 Rfc8 37. Kg3 Bg6 38. Kg2 Be4+ 39. Kh2 Rc1 40. Rxc1
Rxc1 41. Rd1 Rc3 42. Ra1 Rd3 43. a4 Rxd4 44. b5 axb5 45. axb5 Rb4 46. Ra8+ Kh7
47. Ra7 Kg6 48. Nd1 Rxb5 49. Nc3 Rb4 50. Nxe4 Rxe4 51. Kg3 Rb4 52. Rb7 Rb3+ 53.
f3 b5 54. Rc7 b4 55. Rc1 Rb2 56. Rc6 b3 57. Kg4 h5+ 58. Kh4 Rc2 59. f5+ Kxf5
60. Rxc2 bxc2 61. Kg3 c1=Q 62. f4 Qxf4+ 63. Kg2 Kg4 64. Kg1 Kg3 65. Kh1 Qc1#
0-1

[Event "24th NATO Chess Championship"]
[Site "Rynia"]
[Date "2013.08.13"]
[Round "2.41"]
[White "Rosseel, Kimball"]
[Black "Hale, Katie"]
[Result "1-0"]
[WhiteElo "1827"]
[BlackElo "1583"]
[PlyCount "85"]
[EventDate "2013.08.??"]
[EventType "swiss"]
[EventRounds "7"]
[EventCountry "POL"]
[WhiteTeam "BEL"]
[BlackTeam "ENG"]
[WhiteTeamCountry "BEL"]
[BlackTeamCountry "ENG"]

1. d4 e6 2. Nf3 f5 3. g3 Nf6 4. Bg2 Be7 5. O-O O-O 6. c4 d6 7. Nc3 a6 8. Re1
Qe8 9. Qc2 Bd8 10. e4 fxe4 11. Nxe4 Qg6 12. Nxf6+ Bxf6 13. Qxg6 hxg6 14. Bh3
Re8 15. Ng5 e5 16. Bxc8 Rxc8 17. d5 Nd7 18. Ne6 c6 19. Re4 cxd5 20. cxd5 Nc5
21. Nxc5 Rxc5 22. Be3 Rxd5 23. Rc1 Rb5 24. b3 d5 25. Rg4 d4 26. Bd2 Kf7 27.
Rc7+ Ke6 28. Rxg6 Kf5 29. Rgxg7 Bxg7 30. Rxg7 Rc8 31. h4 Rc2 32. h5 Rxd2 33. h6
d3 34. h7 Rd1+ 35. Kg2 d2 36. h8=Q Rg1+ 37. Kxg1 d1=Q+ 38. Kh2 Qe2 39. Qh7+ Ke6
40. Rg6+ Kd5 41. Qd7+ Ke4 42. Rg4+ Kf3 43. Qf5# 1-0